| 000 | 00475nam a22001697a 4500 | ||
|---|---|---|---|
| 003 | NUST | ||
| 005 | 20260306110918.0 | ||
| 008 | 260306b ||||| |||| 00| 0 eng d | ||
| 020 | _a 978-1498776059 | ||
| 082 |
_a550.285 _bBIA |
||
| 100 |
_aBai Tian. _9133593 |
||
| 245 |
_aGIS Technology Applications in Environmental and Earth Sciences / _c1st Edition |
||
| 260 |
_aBoca Rotan: _bCRC Press, _c2016. |
||
| 300 |
_a244 p ; _c36.00 |
||
| 563 | _aHardcover | ||
| 942 |
_2ddc _cBK |
||
| 999 |
_c616540 _d616540 |
||